000 00664nam a2200241Ia 4500
003 OSt
005 20220927105719.0
006 a|||||r|||| 00| 0
007 ta
008 220926b |||||||| |||| 00| 0 eng d
024 _a201163
037 _cReference Collections
040 _aRTL
_cRTL
_beng
041 _2eng
_aeng
082 _a"X:51b4n, M5/RR"
100 _aDHOLAKA Nikhilesh
_9374358
245 0 _aRESEARCH IN MARKETING
260 _aConnectuit
_bJai Press
_c1985
300 _a311p.
_ccm.
500 _aBibliography: P 147-55
942 _h"X:51b4n, M5/RR"
_cCC
999 _c694070
_d694070